000 00326nam a2200157Ia 4500
001 28240
003 IN-NITTTR
005 20251114233350.0
008 251113s9999||||xx |||||||||||||| ||eng||
040 _beng
040 _cIN-NITTTR
041 _aeng
082 _a179.9 S23S H
245 0 _aShishtachar /
942 _2ddc
_cBK
999 _c30868
_d30868